000 00820nam a22002057a 4500
008 100630t xxu||||| |||| 00| 0 eng d
020 _a9770802182
082 _222
_a364.131962
_bش و ك
100 _915531
_aشوكت, صابر
245 _aإرهابى تحت التمرين /
_cصابر شوكت
260 _a[القاهرة] :
_bاخبار اليوم,
_cس.1994
300 _a225 ص:
_bايض ؛
_c15 سم.
490 _914724
_aكتاب اليوم
500 _aDonations.
500 _aDonated By: Alaa Abdel Ghaney.
650 _915550
_aالإرهاب -مصر
650 _914873
_aالتخريب والتدمير
942 _2ddc
_cARCH
999 _c14308
_d14308